Marshall Islands - Sort the countries by distance. - Statistics

General Stats
  • This quiz has been taken 14 times
  • The average score is 6 of 10
Answer Stats
Hint Answer % Correct
Itself Marshall Islands
100%
2nd Micronesia
88%
10th Iceland
75%
7th Kiribati
63%
9th Cambodia
50%
4th Papua New Guinea
50%
3rd Solomon islands
38%
6th Tonga
38%
8th Vietnam
38%
5th Vanuatu
25%
No matching quizzes found
Score Distribution
Percent of People with Each Score
Percentile by Number Answered
Your Score History
You have not taken this quiz